000
00301nam a2200133Ia 4500
100
_a
Bhattacharya/ P.B./ Jain S.K.
942
_c
BK
654
_a
algebra
245
_a
First course in linear algebra
260
_b
Wiley eastern
_a
New Delhi
_c
1991
300
_a
280
546
_a
ENGLISH
999
_c
32136
_d
32136